| 000 | 01978nam a2200385 i 4500 | ||
|---|---|---|---|
| 001 | ebr10781899 | ||
| 003 | CaPaEBR | ||
| 006 | m o d | ||
| 007 | cr cn||||||||| | ||
| 008 | 131030s2009 be a ob 000 0 eng d | ||
| 020 | _z9789054876465 | ||
| 040 |
_aCaPaEBR _beng _erda _epn _cCaPaEBR |
||
| 035 | _a(OCoLC)868969172 | ||
| 050 | 1 | 4 |
_aHD9999.C742 _b.Y37 2009eb |
| 082 | 0 | 4 |
_a338.4767632 _223 |
| 100 | 1 | _aYap, Wei Wim. | |
| 245 | 1 | 0 |
_aContainer shipping services and their impact on container port competitiveness : _bthesis submitted in order to obtain the degree of Ph.D. in Transport and Maritime Economics on 3 November 2009 aT 15H00 / _cdoor/by Yap Wei Yim. |
| 264 | 1 |
_aBrussels, Belgium : _bUniversity Press Antwerp, _c2009. |
|
| 264 | 4 | _c�2009 | |
| 300 |
_a1 online resource (596 pages) : _billustrations (some color), tables |
||
| 336 |
_atext _2rdacontent |
||
| 337 |
_acomputer _2rdamedia |
||
| 338 |
_aonline resource _2rdacarrier |
||
| 504 | _aIncludes bibliographical references. | ||
| 588 | _aDescription based on online resource; title from PDF title page (ebrary, viewed October 30, 2013). | ||
| 590 | _aElectronic reproduction. Palo Alto, Calif. : ebrary, 2013. Available via World Wide Web. Access may be limited to ebrary affiliated libraries. | ||
| 650 | 0 | _aContainer industry. | |
| 650 | 0 | _aContainer ships. | |
| 650 | 0 |
_aContainer terminals _xEconomic aspects. |
|
| 650 | 0 |
_aHarbors _xEconomic aspects. |
|
| 655 | 0 | _aElectronic books. | |
| 776 | 0 | 8 |
_iPrint version: _aYap, Wei Wim. _tContainer shipping services and their impact on container port competitiveness : thesis submitted in order to obtain the degree of Ph.D. in Transport and Maritime Economics on 3 November 2009 aT 15H00. _dBrussels, Belgium : University Press Antwerp, c2009 _h536 pages _z9789054876465 |
| 797 | 2 | _aebrary. | |
| 856 | 4 | 0 |
_uhttp://site.ebrary.com/lib/rucke/Doc?id=10781899 _zAn electronic book accessible through the World Wide Web; click to view |
| 999 |
_c246176 _d246176 |
||